| 000 | 00837cam a2200241 a 4500 | ||
|---|---|---|---|
| 001 | 1217619 | ||
| 003 | PILC | ||
| 005 | 20150318155304.0 | ||
| 008 | 980827s1909 nyu 000 0 eng | ||
| 010 | _a 09028954 | ||
| 040 |
_aDLC _cDLC |
||
| 050 | 1 | 0 |
_aPR 6007.E5 _b.M847 1909 |
| 051 |
_aPZ3.D3992 _bI Copy 7 _cCopy 7. Signed by former owner Bruce Rogers. |
||
| 100 | 1 |
_aDe Morgan, William, _d1839-1917. |
|
| 245 | 1 | 0 |
_aIt never can happen again / _cWilliam De Morgan. |
| 260 |
_aNew York : _bHenry Holt and Co., _c1909. |
||
| 300 |
_axii, 688 pages : _c19 cm. |
||
| 700 | 1 |
_aRogers, Bruce, _d1870-1957, _eformer owner. _5DLC |
|
| 710 | 2 |
_aPforzheimer Bruce Rogers Collection (Library of Congress) _5DLC |
|
| 906 |
_a7 _bcbc _corignew _d1 _eocip _f19 _gy-gencatlg |
||
| 942 |
_2lcc _cBK |
||
| 999 |
_c283788 _d283788 |
||